Don Cheadle Movies Quiz Stats

 Plays Quiz Updated Jan 1, 2021

Support Sporcle.
Go Orange.
Score 0/40 Timer 08:00
2 Plays Today
Year Movie % Correct
2019Avengers: Endgame
84.2%
2013Iron Man 3
81.1%
2004Ocean's Twelve
80.4%
2007Ocean's Thirteen
79.8%
2004Hotel Rwanda
79.4%
2018Avengers: Infinity War
79.2%
2015Avengers: Age of Ultron
75.5%
2016Captain America: Civil War
69.7%
2005Crash
43.8%
2010Iron Man 2
28.1%
1997Boogie Nights
25%
2008Traitor
24.7%
2007Reign Over Me
22.2%
2015Miles Ahead
20.3%
2012Flight
19.8%
2000Traffic
18.2%
2001Swordfish
12.1%
2007Talk to Me
11.1%
1987Hamburger Hill
11%
1998Out of Sight
10.6%
Year Movie % Correct
1995Devil in a Blue Dress
9.4%
2000The Family Man
9.3%
2009Hotel for Dogs
8.8%
1997Volcano
7.1%
2000Mission to Mars
6.7%
1988Colors
6.4%
2011The Guard
5.6%
2004After the Sunset
5.3%
1997Rosewood
5.3%
1998Bulworth
5%
2009Brooklyn's Finest
4.9%
2001Manic
4.3%
1993The Meteor Man
4.2%
2003The United States of Leland
4.2%
2004The Assassination of Richard Nixon
3.6%
1985Moving Violations
3.4%
1995Things to Do in Denver When You're Dead
3.1%
2006The Dog Problem
3%
2001Things Behind the Sun
2.9%
1992Roadside Prophets
2.7%

From the Vault

MLB Most Seasons with 150+ Hits

by Ben

Sports 7m
The hits just kept on coming.
Remove Ads.
Support Sporcle.
Get the best of Sporcle when you Go Orange. This ad-free experience offers more features, more stats, and more fun while also helping to support Sporcle. Thank you for becoming a member.

Show Comments

Extras

Top Quizzes Today


Score Distribution

Your Account Isn't Verified!

In order to create a playlist on Sporcle, you need to verify the email address you used during registration. Go to your Sporcle Settings to finish the process.

Report this User

Report this user for behavior that violates our Community Guidelines.

Details: